Loading...
Indian Federalism Dialectics and Dynamics
| Main Author: | |
|---|---|
| Format: | Printed Book |
| Published: |
Guwahati:
Ashok,
1993.
|
| Subjects: |
| LEADER | 00525cam a2200145ua 4500 | ||
|---|---|---|---|
| 082 | |a 342.042 | ||
| 100 | |a Krishna Iyer,V.R. | ||
| 245 | |a Indian Federalism Dialectics and Dynamics |c Krishna Iyer V.R | ||
| 260 | |a Guwahati: |b Ashok, |c 1993. | ||
| 650 | |a Indian Federalism Dialectics and Dynamics | ||
| 650 | |a Indian Federalism | ||
| 650 | |a Dialectics and Dynamics | ||
| 942 | |c BK | ||
| 999 | |c 274958 |d 274958 | ||
| 952 | |0 0 |1 0 |4 0 |6 342_042000000000000_KRII |7 0 |9 292544 |a LAW |b LAW |d 2020-02-28 |l 0 |o 342.042 KRI-I |p LAW1556 |r 2020-02-28 |t 1 |w 2020-02-28 |y BK | ||